000 01051cam a2200313 i 4500
005 20260322212010.0
008 data
010 _a 80015852
020 _a0823403777 :
_c{dollar}8.95
020 _a9780823403776 :
_c{dollar}8.95
040 _aDLC
_cDLC
_dDLC
042 _alcac
050 0 0 _aBM695.H3
_bD78
082 0 0 _a394.2/68296435
_219
092 _a296.4 D78 1980
100 1 _aDrucker, Malka.
245 1 0 _aHanukkah :
_beight nights, eight lights /
_cMalka Drucker & Brom Hoban.
260 _aNew York :
_bHoliday House,
_cc1980.
300 _a95 p. :
_bill. ;
_c24 cm.
490 1 _a[Her Jewish holidays]
500 _aIncludes index.
504 _aBibliography: p. 91.
520 _aIntroduces the history, customs, rituals, foods, games, and gifts associated with the Festival of Lights and includes recipes, crafts, and puzzles for celebrating the Jewish holiday.
650 0 _aHanukkah
_xJuvenile literature.
650 1 _aHanukkah.
700 1 _aHoban, Brom.
800 1 _aDrucker, Malka.
_tJewish holidays book.
001 data
999 _c190
_d190